000 00922nam a22002177a 4500
005 20090217115210.0
008 090217t xxu||||| |||| 00| 0 hin d
010 _aHIN-45890
020 _c20.00
035 _aHN-27248
037 _bDBAD / PUB
040 _aDPL
_bHN
082 _b615.52
100 _aशुक्ल, शत्रुघ्नलाल
245 _aसुलभ घरोलू नुस्खेःत्वरित प्रभावी आयुर्वैदिक चिकित्सा /
_c शत्रुघ्नलाल शुक्ल
260 _aमथुरा
_bभाषा भवन
_c1999
270 _bमथुरा
300 _a174पृ.
_c15 सेमी
942 _2ddc
_cHN
_mशुक्लश
999 _c23942
_d23942